Comprendre Nietzsche : Une philosophie pour esprits libres (notice n° 1926024)

détails MARC
000 -LEADER
fixed length control field 01670cam a2200133 4500500
005 - DATE AND TIME OF LATEST TRANSACTION
control field 20260329023259.0
041 ## - LANGUAGE CODE
Language code of text/sound track or separate title fre
042 ## - AUTHENTICATION CODE
Authentication code dc
100 10 - MAIN ENTRY--PERSONAL NAME
Personal name Lefranc, Jean
Relator term author
245 00 - TITLE STATEMENT
Title Comprendre Nietzsche : Une philosophie pour esprits libres
260 ## - PUBLICATION, DISTRIBUTION, ETC.
Name of publisher, distributor, etc. Armand Colin,<br/>
Date of publication, distribution, etc. 2019.<br/>
520 ## - SUMMARY, ETC.
Summary, etc. Nietzsche qui se voulait à la fois de son temps et contre son temps, a posé à notre modernité les questions les plus fondamentales et soulevé autant de polémique que d’enthousiasme. Après avoir rappelé les principales difficultés d’interprétation, cet ouvrage s’efforce de faire le point. Dans une première partie, le sens de la tragédie grecque et celui de la sagesse socratique se trouvent renouvelés à partir de la dualité de l’équilibre apollinien et de l’ivresse dionysiaque. Une deuxième partie montre comment une critique généalogique retrouve sous le problème du fondement de la morale, celui, critique, de la valeur des valeurs c’est-à-dire de leur hiérarchie. La célèbre volonté de puissance, si souvent abusivement interprétée, est ici précisée. La troisième partie décrit l’anthropologie de Nietzsche, le développement du «  type de l’homme  » du nihilisme jusqu’à l’homme supérieur et enfin le «  surhomme  » dont l’interprétation a donné lieu à tant de contresens. Reste à affronter dans une dernière partie la pensée de l’éternel retour, la plus mystérieuse, la plus difficile, pleinement accessible seulement au surhomme, ultime approfondissement du dionysisme.
856 41 - ELECTRONIC LOCATION AND ACCESS
Uniform Resource Identifier <a href="https://shs.cairn.info/comprendre-nietzsche--9782200627041?lang=fr&redirect-ssocas=7080">https://shs.cairn.info/comprendre-nietzsche--9782200627041?lang=fr&redirect-ssocas=7080</a>

Pas d'exemplaire disponible.

PLUDOC

PLUDOC est la plateforme unique et centralisée de gestion des bibliothèques physiques et numériques de Guinée administré par le CEDUST. Elle est la plus grande base de données de ressources documentaires pour les Étudiants, Enseignants chercheurs et Chercheurs de Guinée.

Adresse

627 919 101/664 919 101

25 boulevard du commerce
Kaloum, Conakry, Guinée

Réseaux sociaux

Powered by Netsen Group @ 2025